LEADER 01882nam 2200529Ia 450 001 9910699641203321 005 20110303101840.0 035 $a(CKB)5470000002404525 035 $a(OCoLC)704909472 035 $a(EXLCZ)995470000002404525 100 $a20110303d2010 ua 0 101 0 $aeng 135 $aurmn||||||||| 181 $ctxt$2rdacontent 182 $cc$2rdamedia 183 $acr$2rdacarrier 200 10$aFinite element model for failure study of two-dimensional triaxially braided composite$b[electronic resource] /$fXuetao Li and Wieslaw K. Binienda, Robert K. Goldberg 210 1$aCleveland, Ohio :$cNational Aeronautics and Space Administration, Glenn Research Center,$d[2010] 215 $a1 online resource (22 pages) $cillustrations 225 1 $aNASA/TM ;$v2010-216372 300 $aTitle from title screen (viewed on March 3, 2011). 300 $a"July 2010." 320 $aIncludes bibliographical references (pages 21-22) 606 $aBraided composites$2nasat 606 $aFailure$2nasat 606 $aFinite element method$2nasat 606 $aMathematical models$2nasat 606 $aThree dimensional models$2nasat 606 $aTriaxial stresses$2nasat 606 $aMicromechanics$2nasat 615 7$aBraided composites. 615 7$aFailure. 615 7$aFinite element method. 615 7$aMathematical models. 615 7$aThree dimensional models. 615 7$aTriaxial stresses. 615 7$aMicromechanics. 700 $aLi$b Xuetao$01413305 701 $aBinienda$b Wieslaw K$01400763 701 $aGoldberg$b Robert K$01392419 712 02$aNASA Glenn Research Center. 801 0$bGPO 801 1$bGPO 906 $aBOOK 912 $a9910699641203321 996 $aFinite element model for failure study of two-dimensional triaxially braided composite$93509388 997 $aUNINA LEADER 01226nam0 22002771i 450 001 UON00040679 005 20231205102144.727 100 $a20020107d1977 |0itac50 ba 101 $aeng 102 $aGB 105 $a|||| 1|||| 200 1 $aPersian Sufi poem$eVocabulary and terminology, concordance, frequency, word-list, statistical survey, arabic loam-words and sufi-religious terminology in Tariq ut-tahqiq (A.H. 744)$fBo Utas 210 $aLondon$cCurzon$d1977 215 $a214, 53 p.$d23 cm 410 1$1001UON00000058$12001 $aScandinavian Institute of Asian Studies. Monograph Series$v36 606 $aLETTERATURA PERSIANA$xPOESIA$xSUFISMO$3UONC010818$2FI 620 $aGB$dLondon$3UONL003044 686 $aIRA II AC$cIRAN - LINGUISTICA - PERSIANO - STUDI SPECIFICI$2A 700 1$aUTAS$bBo$3UONV000136$0647831 712 $aCurzon Press$3UONV246251$4650 801 $aIT$bSOL$c20240220$gRICA 899 $aSIBA - SISTEMA BIBLIOTECARIO DI ATENEO$2UONSI 912 $aUON00040679 950 $aSIBA - SISTEMA BIBLIOTECARIO DI ATENEO$dSI IRA II AC 004 $eSI SA 12619 5 004 996 $aPersian Sufi poem$91152451 997 $aUNIOR